MDQL
is popping MORE tags! Check the
thread
!
Quizzes
Events
Quiz Creation
Community
Videos
Private Events
Remove Ads
Sign In
Join for FREE
Feedback
Dark Mode
Quiz Categories
Sports
Geography
Music
Movies
Television
Just For Fun
Miscellaneous
History
Literature
Language
Science
Gaming
Entertainment
Religion
Holiday
For Kids
Quiz Lab
Recent
Popular Today
Quiz Kudos Today
Editor Picks
Curator Picks
Quizzes by...
Day
Popularity
Type
Ratings
Length
Year
Community
Subscriptions
Recent Discussions
Orange Saloon
Badges
Playlists
Quests
Create
Leaderboards
Showdown
Live 5
Trivia Bingo
Activity
Puzzle Library
Sporcle Events
Private Events
Virtual Trivia
Globe League
Become a Host
Pub Owners
SporcleCon
Opinionation
Our Games
Videos
Blog
Mobile Apps
Partnerships
Remove Ads and Go Orange
Feedback
Gaming
Video Games
Board Games
Card Games
Pokémon
Mario
Nintendo
Minecraft
Console
Toys
Legend of Zelda
Gaming
Video Games
Board Games
Card Games
Pokémon
Mario
Nintendo
Minecraft
Console
Toys
Legend of Zelda
Random Quiz
Search Sporcle
×
Quiz Lab
Quiz Lab
Gaming
Pokémon
Type in answers that appear in a list
Type in answers that appear in a list
Classic
Best Score? Go Orange.
Psychic-Type Pokemon Quiz Stats
Can you name all the Psychic-Type Pokemon?
By
camerongalloway4
8m
84 Questions
113 Plays
113 Plays
113 Plays
Comments
Comments
Give Quiz Kudos
Give Quiz Kudos
-
- Ratings
hide this ad
Replay
Link that replays current quiz
Next Quiz
Link to next quiz in quiz playlist
You Got
0%
They Got
Avg Score
70%
Avg Friend Score
Upgrade to see
Score Distribution
Jump to the score distribution portion of the page
Score
0/84
Timer
08:00
0
Plays Today
National Dex Number
Pokemon Name
% Correct
063
Abra
96.5%
064
Kadabra
94.7%
065
Alakazam
94.7%
150
Mewtwo
92%
151
Mew
92%
124
Jynx
89.4%
280
Ralts
88.5%
281
Kirlia
88.5%
282
Gardevoir
88.5%
079
Slowpoke
87.6%
080
Slowbro
87.6%
308
Medicham
85.8%
199
Slowking
85%
307
Meditite
85%
375
Metang
85%
475
Gallade
85%
374
Beldum
84.1%
376
Metagross
83.2%
380
Latias
83.2%
381
Latios
83.2%
102
Exeggcute
82.3%
103
Exeggutor
80.5%
249
Lugia
80.5%
792
Lunala
80.5%
122
Mr. Mime
79.6%
238
Smoochum
79.6%
177
Natu
77.9%
121
Starmie
77%
National Dex Number
Pokemon Name
% Correct
251
Celebi
77%
655
Delphox
77%
096
Drowzee
76.1%
178
Xatu
76.1%
385
Jirachi
76.1%
439
Mime Jr.
76.1%
791
Solgaleo
75.2%
097
Hypno
74.3%
337
Lunatone
74.3%
338
Solrock
74.3%
720
Hoopa
74.3%
494
Victini
73.5%
686
Inkay
72.6%
196
Espeon
71.7%
576
Gothitelle
71.7%
687
Malamar
71.7%
343
Baltoy
70.8%
344
Claydol
70.8%
436
Bronzor
69.9%
437
Bronzong
69.9%
578
Duosion
69.9%
203
Girafarig
69%
574
Gothita
69%
577
Solosis
69%
386
Deoxys
68.1%
575
Gothorita
67.3%
579
Reuniclus
66.4%
800
Necrozma
66.4%
National Dex Number
Pokemon Name
% Correct
480
Uxie
65.5%
482
Azelf
65.5%
481
Mesprit
64.6%
648
Meloetta
62.8%
789
Cosmog
59.3%
555
Darmanitan (Zen Mode)
58.4%
325
Spoink
57.5%
488
Cresselia
57.5%
326
Grumpig
56.6%
517
Munna
55.8%
518
Musharna
55.8%
790
Cosmoem
55.8%
779
Bruxish
54%
201
Unown
52.2%
527
Woobat
52.2%
528
Swoobat
51.3%
678
Meowstic
51.3%
677
Espurr
50.4%
765
Oranguru
49.6%
786
Tapu Lele
49.6%
202
Wobbuffet
48.7%
605
Elgyem
47.8%
741
Oricorio (Pa'u Style)
46.9%
360
Wynaut
46%
358
Chimecho
45.1%
433
Chingling
45.1%
606
Beheeyem
45.1%
561
Sigilyth
17.7%
Quiz Playlist
Details
Report
Send in Message
Add To Playlist
Classic:
Type in answers that appear in a list
Last Updated: Feb 16, 2017
Quiz Scoreboard
CHALLENGE
Sign Up to Join the Scoreboard
Show All
Scores
Hide
Comments
May contain spoilers
Recently Published
Two Season TV Shows II
by 123Four
Television
10m
Image Sorting: Flags VI
by Barbecue
Geography
2m
Find the 'City' Movie
by crazypaving
Movies
60s
More to Explore
Quiz From the Vault
Featured Blog Post
14 Easter Pick-up Lines to Find Eggs With
hide this ad
You Might Also Like...
Tags
Pokémon Quiz
Dex
national
Psychic Pokémon
Secondary
Today's Top Quizzes in Gaming
Browse Gaming
hide this ad
Today's Top Quizzes in Pokémon
Browse Pokémon
Top Contributed Quizzes in Gaming
1
League of Legends Pro Players by Career/Team History
2
Destiny 2 exotic weapons by perk icons
3
Genshin Impact Logic Puzzle
4
Genshin murder mystery
5
Dead By Daylight Logic Puzzle
6
4x4 Decades: Video Games
7
Ultimate Genshin Impact Logic Puzzle (up to 4.3)
8
Overwatch Logic Puzzle
9
Who's on the WWE 2K24 Cover?
10
Overwatch 2: Ultimate Ability Icons
Explore More
Trending Topics
NBA
Marvel
Anime
Crossword
Kpop
Disney
Harry Potter
Country
Pokémon
Soccer
Puzzle
WWE
NFL
The Office
Song
hide this ad
More By:
camerongalloway4
Quiz
Plays
Rating
Category
Featured
Created
Dragon-Type Pokemon Quiz
176
5.00
Gaming
Dec 31, 2016
Fire-Type Pokemon Quiz
156
Gaming
Dec 31, 2016
Ghost-Type Pokemon Quiz
153
5.00
Gaming
Dec 31, 2016
Ice-Type Pokemon Quiz
144
5.00
Gaming
Dec 31, 2016
Bug-Type Pokemon Quiz
135
5.00
Gaming
Dec 31, 2016
Go to Creator's Profile
Score Distribution
Quiz Creator Spotlight
camerongalloway4
Follow
Send a Message
Quizzes Created
-
Created Quiz Play Count
-
More By This Creator
Popular Quizzes Today
1
Colored Red Africa Blitz
2
Find the US States - No Outlines Minefield
3
Find the 'City' Movie
4
5x2 Blitz: Bands
5
The Countries of the World
6
Find the US States
7
Find the Countries of Europe - No Outlines Minefield
8
US States
More Gaming Quizzes
Pokémon Battle Themes (Clips)
Editor's Pick
Trending Quizzes
Colored Red Europe Blitz I
Colored Red Africa Blitz II
Colored Red Europe Blitz II
Colored Red Africa Blitz III
Colored Red Europe Blitz III
Recently Updated
How Do You Spell That?
pecheneg
Godzilla Movies
pecheneg
Grab Bag: 4-10 Letters
pecheneg
2024 March Madness Bracket
pecheneg
Famous TV Couples
Peacemaker
Champions League XIs: Real Madrid
pecheneg
Largest US Cities 1790-2010
pecheneg
Rides in Walt Disney World
pecheneg
Most Oscar Losses (Acting)
pecheneg
Beyoncé Albums
pecheneg
Trending Topics
Kpop
Crossword
Disney
Marvel
Harry Potter
Anime
NBA
Song
Country
The Office
Pokémon
Soccer
Puzzle
NFL
WWE
Your Account Isn't Verified!
In order to create a playlist on Sporcle, you need to verify the email address you used during registration. Go to your
Sporcle Settings
to finish the process.
Report this User
Report this user for behavior that violates our
Community Guidelines
.
Details:
Send Report
Go to the Sporcle.com Mobile Site →
Comments